| 000 | 00429nam a22001337a 4500 | ||
|---|---|---|---|
| 999 |
_c12515 _d12515 |
||
| 008 | 210204b ||||| |||| 00| 0 eng d | ||
| 082 | 0 | 0 |
_a344.458 _bW3599 |
| 110 |
_94683 _aGovernment. of. West Bengal |
||
| 245 | 1 | 0 |
_aThe west Bengal factories rules, 1949 / _cby Government of West Bengal |
| 260 |
_aWest Bengal : _bWest Bengal Government press, _c1954. |
||
| 300 | _a105p. | ||
| 650 | 0 | _aFactory Laws and Legislation | |
| 942 | _cBK | ||